000 02142nam a2200577 4500
005 20250605121025.0
008 161130b2016 xxu||||| |||| 00| 0 spa d
020 _a9786073236966
041 _aspa
082 _a658.403.8 L372s14
100 _aLaudon, Kenneth
_95544
100 _aLaudon, Jane
_95545
245 _aSistemas de información gerencial
250 _a14 edición
260 _aMéxico
260 _aPearson
260 _c2016
300 _a680 páginas
505 _aParte uno: Organizaciones, administración y la empresa en red 1. Parte dos: Infraestructura de la tecnología de la información. Parte tres: Aplicaciones clave de sistemas para la era digital. Parte cuatro: Creación y administración de sistemas.
650 _aGESTIÓN DE LA INFORMACIÓN
650 _aSISTEMAS DE INFORMACIÓN EN LOS NEGOCIOS
650 _aIMPORTANCIA DE LOS SISTEMAS DE IFORMACIÓN PARA ADMINISTRAR UN NEGOCIO
650 _aNEGOCIOS GLOBALES
650 _aNEGOCIOS ELECTRÓNICOS
650 _aNEGOCIOS SOCIALES
650 _aASPECTOS ÉTICOS Y SOCIALES
650 _aTECNOLOGÍA DE LA INFORMACIÓN
650 _aREDES SOCIALES
650 _aHERRAMIENTAS Y TECNOLOGÍA PARA COLABORACIÓN Y NEGOCIOS SOCIALES
650 _aADMINISTRACIÓN
650 _aQUE SE DEBE DE SABER PARA CREAR Y USAR LOS SISTEMAS DE INFORMACIÓN
650 _aINFRAESTRUCTURA DE LA TECNOLOGÍA
650 _aINTERNET Y LAS ORGANIZACIONES
650 _aINFRAESTRUCTURA DE TI
650 _aCOMPUTACIÓN EN LA NUBE
650 _aSISTEMAS DE ADMINISTRACIÓN DE BASES DE DATOS
650 _aPLATAFORMAS ANALÍTICAS
650 _aTELECOMUNICACIONES
650 _aTECNOLOGÍA INALÁMBRICA
650 _aADMINISTRACIÓN DEL CONOCIMIENTO
650 _aADMINISTRACIÓN DE PROYECTOS
650 _aBASES DE DATOS
650 _aREDES
650 _aSERVICIOS DE INTERNET
650 _aVULNERABILIDAD DE SEGURIDAD EN LOS SISTEMAS DE INFORMACIÓN
650 _aCRÍMENES POR COMPUTADORA
650 _aCONTROLES DE LOS SISTEMAS DE INFORMACIÓN
650 _aAUDITORÍAS
942 _cBK
_2ddc
999 _c8665
_d8665